Normal view
MARC view
- Gulzar – Criticism and interpretation
Entry Topical Term
001 - CONTROL NUMBER
- control field: 129448
003 - CONTROL NUMBER IDENTIFIER
- control field: NUST
005 - DATE AND TIME OF LATEST TRANSACTION
- control field: 20250708112553.0
008 - FIXED-LENGTH DATA ELEMENTS
- fixed length control field: 250708|| aca||aabn | a|a d
040 ## - CATALOGING SOURCE
- Original cataloging agency: NUST
- Transcribing agency: NUST
150 ## - HEADING--TOPICAL TERM
- Topical term or geographic name entry element: Gulzar – Criticism and interpretation
670 ## - SOURCE DATA FOUND
- Source citation: Work cat.: (NUST): Farooqi,Tahir Mansoor 129447, Gulzar kay be Misal Afsana/, 2012.
